000 00629nam a2200241Ia 4500
005 20250425162539.0
008 250425s9999 xx 000 0 und d
020 _a9786071507433
041 _aspa
043 _amx
082 _a621.4021
100 _aCENGEL, YUNUS A.
245 0 _aTERMODINAMICA
250 _a7A ED.
260 _aMEXICO
260 _aMéxico
_bMCGRAW-HILL
_c2012
300 _a1009
500 _aTítulo Traducido: THERMODYNAMICS: AN ENGINEERING APPROACH
650 _aTERMODINAMICA
700 _aVIRGILIO GONZALEZ Y POZO; SERGIO SARMIENTO ORTEGA
_etraductor
942 _c01
010 _a84634
999 _c231447
_d231447